| 000 | 00671nam a2200241Ia 4500 | ||
|---|---|---|---|
| 003 | OSt | ||
| 005 | 20220926012043.0 | ||
| 006 | a|||||r|||| 00| 0 | ||
| 007 | ta | ||
| 008 | 220923b |||||||| |||| 00| 0 eng d | ||
| 037 | _cGeneral Book | ||
| 040 |
_aRTL _cRTL _beng |
||
| 041 |
_2eng _aeng |
||
| 082 | _aX:74, F3 | ||
| 100 |
_aMoore Henry Ludwell _9315455 |
||
| 245 | 0 | _aGenerating economic cycles | |
| 260 |
_aNew York _bAugustus M Kelley USA _c1967 |
||
| 300 |
_axi,141p. _ccm. |
||
| 500 | _aReprints of economics classics,1967 | ||
| 650 | _aBusiness Cycle | ||
| 942 |
_hX:74, F3 _cGB _2CC |
||
| 999 |
_c621618 _d621618 |
||